[Event "Treviglio Province-ch"]
[Site "Treviglio"]
[Date "2014.01.19"]
[Round "3"]
[White "Catalano, Piero"]
[Black "Attuati, Luca"]
[Result "1/2-1/2"]
[WhiteElo "1700"]
[BlackElo "1519"]
[PlyCount "51"]
[EventDate "2014.01.18"]
[EventType "swiss"]
[EventRounds "6"]
[EventCountry "ITA"]
[SourceTitle "EXT 2016"]
[Source "ChessBase"]
[SourceDate "2015.10.08"]
[SourceVersion "1"]
[SourceVersionDate "2015.10.08"]
[SourceQuality "1"]

1. e4 d5 2. exd5 Qxd5 3. Nc3 Qa5 4. b4 Qxb4 5. Rb1 Qd6 6. Nf3 Nf6 7. Bc4 e6 8. 0-0 Be7 9. Nb5 Qd8 10. d4 a6 11. Nc3 b5 12. Bd3 0-0 13. Ne4 Nbd7 14. Bf4 Bb7 15. Nxf6+ Nxf6 16. Be5 h6 17. Qe2 c5 18. c4 Bxf3 19. Qxf3 bxc4 20. Bxc4 cxd4 21. Rb7 Nd5 22. Bxd5 exd5 23. Bxd4 Bg5 24. Qg3 Bf6 25. Be3 Bh4 26. Qg4 1/2-1/2

[Event "Treviglio Province-ch"]
[Site "Treviglio"]
[Date "2014.01.19"]
[Round "2"]
[White "Folcini, Gaddo"]
[Black "Catalano, Piero"]
[Result "1/2-1/2"]
[WhiteElo "1579"]
[BlackElo "1700"]
[PlyCount "100"]
[EventDate "2014.01.18"]
[EventType "swiss"]
[EventRounds "6"]
[EventCountry "ITA"]
[SourceTitle "EXT 2016"]
[Source "ChessBase"]
[SourceDate "2015.10.08"]
[SourceVersion "1"]
[SourceVersionDate "2015.10.08"]
[SourceQuality "1"]

1. e4 c5 2. d4 cxd4 3. c3 dxc3 4. Bc4 e6 5. Nf3 Qc7 6. Bd3 cxb2 7. Bxb2 Bb4+ 8. Nbd2 Nf6 9. 0-0 Bxd2 10. Qxd2 Qd8 11. Bxf6 Qxf6 12. e5 Qe7 13. Ng5 Nc6 14. f4 f6 15. exf6 gxf6 16. Nxh7 Rxh7 17. Bg6+ Kf8 18. Bxh7 Qxh7 19. Rf3 a5 20. Rh3 Qg7 21. Qd6+ Ne7 22. Rc1 Ke8 23. Rcc3 Ra6 24. Qd1 d5 25. Rcg3 Qf8 26. Rh7 Nf5 27. Rgh3 Qc5+ 28. Kh1 Rc6 29. Qh5+ Kd8 30. Rh8+ Kc7 31. Rxc8+ Kxc8 32. Qe8+ Kc7 33. Rh7+ Kb6 34. Qd8+ Rc7 35. h3 Qc1+ 36. Kh2 Qxf4+ 37. Kg1 Qc1+ 38. Kh2 Qc3 39. Rf7 Qe5+ 40. Kg1 Ng3 41. Rd7 Qe1+ 42. Kh2 Nf1+ 43. Kg1 Ne3+ 44. Kh2 Qc3 45. Rd6+ Ka7 46. Rxe6 f5 47. Rxe3 Qxe3 48. Qxc7 Qd2 49. Qc5+ Kb8 50. Qf8+ Ka7 1/2-1/2

[Event "Treviglio Province-ch"]
[Site "Treviglio"]
[Date "2014.01.18"]
[Round "1"]
[White "Catalano, Piero"]
[Black "Ventura, Salvatore"]
[Result "0-1"]
[WhiteElo "1700"]
[BlackElo "2045"]
[PlyCount "106"]
[EventDate "2014.01.18"]
[EventType "swiss"]
[EventRounds "6"]
[EventCountry "ITA"]
[SourceTitle "EXT 2016"]
[Source "ChessBase"]
[SourceDate "2015.10.08"]
[SourceVersion "1"]
[SourceVersionDate "2015.10.08"]
[SourceQuality "1"]

1. e4 c5 2. Nc3 Nc6 3. Nge2 g6 4. d4 cxd4 5. Nxd4 Bg7 6. Be3 Nf6 7. f3 0-0 8. Bc4 Qb6 9. Qd2 Nxe4 10. Nxc6 Qxc6 11. Bxf7+ Rxf7 12. Nxe4 Bxb2 13. Rb1 Bg7 14. 0-0 b6 15. Rfd1 d6 16. c3 Bf5 17. Rb4 Bxe4 18. Rxe4 Bxc3 19. Qd3 Bf6 20. Rc4 Qd7 21. Rdc1 Qf5 22. Qb3 Kg7 23. Rc7 Rff8 24. Qc4 d5 25. Qb4 Kh8 26. Bh6 Rfc8 27. Be3 Rxc7 28. Rxc7 Qe5 29. Bf4 Qd4+ 30. Qxd4 Bxd4+ 31. Kf1 Bf6 32. Ke2 Kg8 33. Kd3 Kf7 34. g4 Ke6 35. Bg3 Bb2 36. h3 Ba3 37. f4 b5 38. Kd4 a5 39. f5+ gxf5 40. gxf5+ Kxf5 41. Kxd5 Rg8 42. Rc3 Rd8+ 43. Kc6 Rc8+ 44. Bc7 Bd6 45. Kxb5 Rxc7 46. Rd3 Rc5+ 47. Kb6 Ke4 48. Rb3 Kd4 49. Rf3 a4 50. Rf2 Rc3 51. Rg2 h5 52. h4 Rh3 53. Rd2+ Kc3 0-1